Reconnait tu quels map Valorant - Statistiques

Statistiques générales
  • Ce quiz a été pris 762 fois
  • Le résultat moyen est 11 sur 18
Statistiques - réponses
Par images Réponse % Correct
LOTUS
92%
CORRODE
88%
PEARL
84%
FRACTURE
83%
BREEZE
82%
BIND
81%
HAVEN
81%
SUNSET
81%
ICEBOX
78%
ASCENT
75%
SPLIT
72%
ABYSS
71%
Piazza
23%
Kasbah
20%
Drift
14%
District
12%
Glitch
12%
entrainement
8%
Aucun quiz correspondant
Distribution des résultats
% des personnes avec chaque résultat
Percentile par nombre de réponses
Votre historique - résultats
Vous n’avez pas pris ce quiz